000 00255nam a2200085Ia 4500
245 0 _aCollective bargaining in the workplace
100 _a Grogan, John Claremont, South Africa, 2011
_948060
942 _cBK
008 210817s9999 xx 000 0 und d
999 _c258659
_d258657